000
00295nam a22001337a 4500
008
170210b xxu||||| |||| 00| 0 eng d
020
_a
1560530510
041
_a
eng
080
_a
61
100
_a
4
101
_a
SHM
245
_a
EMERGENCY MEDICINE SECRETS
_c
MARKOVCHICK, V.J
942
_2
udc
_c
BK
999
_c
5144
_d
5144